Statistiques concernant Paroles - France Gall - Si maman si

Cliquez ici pour prendre le quiz!

Statistiques générales

  • Ce quiz a été pris 417 fois
    (365 depuis la dernière actualisation)
  • Le résultat moyen est 165 sur 199

Statistiques - réponses

Réponse% Correct
ma
100%
maman
100%
si
100%
comme
99%
je
99%
tu
99%
vie
99%
pleure
97%
ris
97%
voyais
97%
a
95%
à
95%
mon
91%
et
90%
au
89%
coeur
88%
aussi
87%
avenir
86%
reste
85%
mais
84%
gris
82%
mes
81%
Tous
76%
amis
74%
la
74%
le
74%
c'est
73%
sont
73%
partis
72%
déménagé
71%
toujours
70%
paris
69%
un
63%
suis
62%
vacances
61%
que
59%
continuer
56%
est
56%
moi
56%
peu
56%
sans
56%
amours
55%
fenêtre
54%
projets
51%
temps
51%
passer
50%
reconnaître
49%
peut-être
48%
sache
48%
train
48%
bien
47%
bonheur
47%
ni
46%
demain
45%
inventer
45%
passera
45%
chaud
44%
défile
44%
habile
43%
leur
41%
vent
40%
dos
39%
envies
39%
sentiment
39%
confortable
38%
laisse
38%
tourne
38%
doucement
32%
m'endors
32%
chaos
30%
s'éteignent
28%

Distribution des résultats

Percentile par nombre de réponses

% des personnes avec chaque résultat

Votre développement - résultats

Vous n’avez pas pris ce quiz depuis la dernière actualisation